[Event "SBDU-ch"]
[Site "Duisburg"]
[Date "2011.10.07"]
[Round "3"]
[White "Imbierowicz, Dirk"]
[Black "Hamm, Michael"]
[Result "0-1"]
[WhiteElo "1443"]
[BlackElo "1629"]
[PlyCount "46"]
[EventDate "2011.09.09"]
[EventType "swiss"]
[EventRounds "7"]
[EventCountry "GER"]
[SourceTitle "EXT 2015"]
[Source "ChessBase"]
[SourceDate "2014.11.20"]
[SourceVersion "1"]
[SourceVersionDate "2014.11.20"]
[SourceQuality "1"]

1. e4 e5 2. Nf3 Nc6 3. c3 Nf6 4. Qc2 d5 5. Bb5 Bd6 6. exd5 Nxd5 7. 0-0 Bd7 8. d3 0-0 9. Nbd2 a6 10. Bc4 Nf6 11. Ne4 b5 12. Bb3 Nxe4 13. dxe4 Na5 14. Be3 Nxb3 15. Qxb3 c5 16. c4 bxc4 17. Qxc4 Bb5 18. Qd5 Bxf1 19. Kxf1 Qe7 20. Nd2 Rac8 21. Nc4 Rfd8 22. Rd1 Bb8 23. Bxc5 Rxd5 0-1

[Event "Duisburg SBDU-ch"]
[Site "Duisburg Rheinhausen"]
[Date "2010.10.29"]
[Round "4"]
[White "Imbierowicz, Dirk"]
[Black "Menzel, Josef"]
[Result "0-1"]
[WhiteElo "1447"]
[BlackElo "2023"]
[PlyCount "60"]
[EventDate "2010.09.17"]
[EventType "swiss"]
[EventRounds "7"]
[EventCountry "GER"]
[SourceTitle "EXT 2018"]
[Source "ChessBase"]
[SourceDate "2017.10.13"]
[SourceVersion "1"]
[SourceVersionDate "2017.10.13"]
[SourceQuality "1"]

1. e4 g6 2. Nf3 Bg7 3. d4 c6 4. Bc4 d5 5. exd5 cxd5 6. Bb3 Nc6 7. Nc3 Nf6 8. h3 0-0 9. Bf4 a6 10. Qc1 Re8 11. 0-0 e6 12. Re1 b5 13. a3 Bb7 14. Be5 Nxe5 15. Nxe5 Qb6 16. Qe3 Rad8 17. Ne2 Ne4 18. c3 Bxe5 19. dxe5 Qxe3 20. fxe3 Nc5 21. Bc2 Nd7 22. Rf1 Nxe5 23. b3 Rc8 24. Rf2 Re7 25. Raf1 a5 26. Nd4 Ba6 27. Ne2 b4 28. axb4 axb4 29. Ra1 Bxe2 30. Rxe2 Rxc3 0-1

[Event "Rheinhausen-ch 13th"]
[Site "Duisburg Rheinhausen"]
[Date "2009.01.09"]
[Round "1"]
[White "Imbierowicz, Dirk"]
[Black "Zahn, Richard"]
[Result "0-1"]
[WhiteElo "1441"]
[BlackElo "1940"]
[PlyCount "42"]
[EventDate "2009.01.09"]
[EventType "swiss"]
[EventRounds "7"]
[EventCountry "GER"]
[SourceTitle "EXT 2018"]
[Source "ChessBase"]
[SourceDate "2017.10.13"]
[SourceVersion "1"]
[SourceVersionDate "2017.10.13"]
[SourceQuality "1"]

1. e4 e6 2. d4 d5 3. exd5 exd5 4. Nf3 Nf6 5. Nc3 c6 6. Bg5 Bd6 7. Bd3 0-0 8. Ne5 Re8 9. f4 Nbd7 10. Qf3 Nxe5 11. dxe5 Bxe5 12. fxe5 Rxe5+ 13. Kd2 Rxg5 14. Rae1 Qd6 15. g3 Bg4 16. Qe3 Rh5 17. Ne2 Re5 18. Qf4 Bxe2 19. Bxe2 Rae8 20. c3 Qe7 21. Qf2 Ne4+ 0-1

[Event "Duisburg SBDU-ch"]
[Site "Duisburg Wohndorf Laar"]
[Date "2008.10.22"]
[Round "4"]
[White "Imbierowicz, Dirk"]
[Black "Straub, Peter"]
[Result "1-0"]
[WhiteElo "1452"]
[BlackElo "1035"]
[PlyCount "77"]
[EventDate "2008.09.05"]
[EventType "swiss"]
[EventRounds "7"]
[EventCountry "GER"]
[SourceTitle "EXT 2018"]
[Source "ChessBase"]
[SourceDate "2017.10.13"]
[SourceVersion "1"]
[SourceVersionDate "2017.10.13"]
[SourceQuality "1"]

1. e4 e5 2. Nf3 d6 3. Bc4 Be7 4. Nc3 c6 5. d4 Qc7 6. a4 a6 7. dxe5 dxe5 8. 0-0 Bg4 9. Qd3 Nd7 10. Ng5 Bxg5 11. Bxg5 h6 12. Be3 Ngf6 13. f3 Bh5 14. Ne2 Rd8 15. Qb3 0-0 16. Ng3 Bg6 17. Bd3 c5 18. c4 b6 19. Qc3 Rfe8 20. b3 a5 21. f4 Ng4 22. Bc1 Re6 23. f5 Rf6 24. fxg6 Rxg6 25. Nf5 Ngf6 26. Ne7+ Kh8 27. Nxg6+ fxg6 28. Qe1 g5 29. Rf3 Nh5 30. Rh3 Nf4 31. Bxf4 exf4 32. Qc3 Ne5 33. Rd1 Rf8 34. Be2 Qe7 35. Rd5 Ng6 36. Rxh6+ Kg8 37. Rxg6 Qf7 38. Rdxg5 Qe7 39. Rxg7+ 1-0

[Event "Duisburg SBDU-ch"]
[Site "Duisburg Wohndorf Laar"]
[Date "2008.09.17"]
[Round "2"]
[White "Meinert, Thomas"]
[Black "Imbierowicz, Dirk"]
[Result "1-0"]
[WhiteElo "1892"]
[BlackElo "1452"]
[PlyCount "55"]
[EventDate "2008.09.05"]
[EventType "swiss"]
[EventRounds "7"]
[EventCountry "GER"]
[SourceTitle "EXT 2018"]
[Source "ChessBase"]
[SourceDate "2017.10.13"]
[SourceVersion "1"]
[SourceVersionDate "2017.10.13"]
[SourceQuality "1"]

1. d4 d5 2. c4 e6 3. Nc3 Nf6 4. Bg5 Be7 5. Nf3 c6 6. e3 Nbd7 7. Be2 0-0 8. 0-0 Ne8 9. Bf4 Bd6 10. c5 Bxf4 11. exf4 b6 12. b4 b5 13. a4 Bb7 14. axb5 cxb5 15. Bxb5 Qc7 16. Bxd7 Qxd7 17. Ne5 Qc8 18. b5 f6 19. Nd3 Qb8 20. Qb3 Nc7 21. Ra3 Bc8 22. Rb1 e5 23. fxe5 fxe5 24. Nxe5 Be6 25. b6 axb6 26. cxb6 Rxa3 27. Qxa3 Ne8 28. b7 1-0

[Event "Rheinhausen-ch 12th"]
[Site "Duisburg Rheinhausen"]
[Date "2008.02.15"]
[Round "5"]
[White "Imbierowicz, Dirk"]
[Black "Reisloh, Carsten"]
[Result "0-1"]
[WhiteElo "1355"]
[BlackElo "1747"]
[PlyCount "70"]
[EventDate "2008.01.11"]
[EventType "swiss"]
[EventRounds "7"]
[EventCountry "GER"]
[SourceTitle "EXT 2018"]
[Source "ChessBase"]
[SourceDate "2017.10.13"]
[SourceVersion "1"]
[SourceVersionDate "2017.10.13"]
[SourceQuality "1"]

1. e4 e5 2. Nf3 Nc6 3. Bc4 Bc5 4. Nc3 d6 5. d3 Bg4 6. h3 Bh5 7. g4 Bg6 8. h4 h6 9. h5 Bh7 10. g5 Qd7 11. Nh4 hxg5 12. Bxg5 f6 13. Bd2 0-0-0 14. Be3 Bxe3 15. fxe3 Nh6 16. Qf3 Kb8 17. Rg1 Na5 18. Bb5 c6 19. Ba4 b5 20. Bb3 Nxb3 21. axb3 Rhg8 22. Ne2 Nf7 23. c3 Ng5 24. Qg4 d5 25. Qxd7 Rxd7 26. exd5 Rxd5 27. d4 exd4 28. Nxd4 Kb7 29. Rg4 Re8 30. Ng2 Be4 31. Kf2 Re7 32. Rxa7+ Kxa7 33. Nxc6+ Kb6 34. Nxe7 Rd2+ 35. Kf1 Bd3+ 0-1

[Event "Rheinhausen-ch 11th"]
[Site "Duisburg Rheinhausen"]
[Date "2007.01.12"]
[Round "1"]
[White "Imbierowicz, Dirk"]
[Black "Klaus, Helmut"]
[Result "1-0"]
[WhiteElo "1410"]
[BlackElo "1790"]
[PlyCount "79"]
[EventDate "2007.01.12"]
[EventType "swiss"]
[EventRounds "7"]
[EventCountry "GER"]
[SourceTitle "EXT 2018"]
[Source "ChessBase"]
[SourceDate "2017.10.13"]
[SourceVersion "1"]
[SourceVersionDate "2017.10.13"]
[SourceQuality "1"]

1. e4 c6 2. d4 d5 3. Nc3 dxe4 4. Nxe4 Bf5 5. f3 Nd7 6. Bc4 Ngf6 7. Qe2 e6 8. Ng3 Bg6 9. Nh3 Nd5 10. Bxd5 cxd5 11. Nf4 Be7 12. Nxg6 hxg6 13. Be3 Qa5+ 14. c3 Rc8 15. 0-0 Qc7 16. f4 Bd6 17. Qf3 Nf6 18. h3 Rh4 19. Qf2 Rh7 20. Qf3 Kd7 21. Rac1 Qb8 22. Qe2 a6 23. c4 Rhh8 24. c5 Bc7 25. b4 b5 26. Qc2 Rh4 27. Qf2 Rch8 28. c6+ Ke7 29. Qf3 Bd6 30. a3 Qc7 31. Ne2 Ne4 32. Rc2 f5 33. Bf2 Nxf2 34. Kxf2 R8h5 35. Ke1 g5 36. fxg5 Rxg5 37. Qe3 Rgh5 38. g4 fxg4 39. hxg4 Rxg4 40. Qf3 1-0

[Event "Rheinhausen-ch 10th"]
[Site "Duisburg Rheinhausen"]
[Date "2006.02.17"]
[Round "4.18"]
[White "Angermann, Immo Frank"]
[Black "Imbierowicz, Dirk"]
[Result "1-0"]
[WhiteElo "1637"]
[BlackElo "1427"]
[PlyCount "127"]
[EventDate "2006.01.06"]
[EventType "swiss"]
[EventRounds "7"]
[EventCountry "GER"]
[SourceTitle "EXT 2007"]
[Source "ChessBase"]
[SourceDate "2006.11.23"]
[SourceVersion "1"]
[SourceVersionDate "2006.11.23"]
[SourceQuality "1"]

1. e4 c5 2. Nf3 Nc6 3. d4 cxd4 4. Nxd4 Qb6 5. c3 Nf6 6. f3 e6 7. Qb3 Bc5 8. Qxb6 Bxb6 9. Nxc6 bxc6 10. Bg5 Bd8 11. Nd2 0-0 12. Nc4 d5 13. exd5 cxd5 14. Ne5 Nh5 15. Be3 Bc7 16. Nc6 a6 17. Bc5 Re8 18. b4 Bb7 19. Nd4 g6 20. b5 e5 21. bxa6 Bxa6 22. Nb5 Bxb5 23. Bxb5 Reb8 24. Bc6 Ra6 25. Bd7 Nf4 26. 0-0 Rb2 27. Rf2 Rxf2 28. Bxf2 Ne2+ 29. Kf1 Nxc3 30. a4 d4 31. Be1 f5 32. Ra3 Ba5 33. Rb3 Rd6 34. Rb8+ Kg7 35. Rb7 Kf6 36. Be8 d3 37. Bd2 e4 38. Rf7+ Ke6 39. fxe4 Rd8 40. exf5+ gxf5 41. Ra7 Rxe8 42. Rxa5 Ne4 43. Ke1 Rb8 44. Rb5 Rc8 45. Rb6+ Ke5 46. g3 Kd4 47. Rb4+ Kd5 48. Be3 Rc2 49. Rd4+ Ke5 50. Rxd3 Rxh2 51. Bf4+ Ke6 52. a5 Rh1+ 53. Ke2 Ra1 54. Bc7 Ra2+ 55. Ke3 Rc2 56. Bb6 Nxg3 57. a6 Ne4 58. a7 Rc8 59. Rb3 Kd5 60. Bd4 f4+ 61. Kxf4 Rf8+ 62. Ke3 Nd6 63. Rb8 Nc4+ 64. Ke2 1-0

[Event "Rheinhausen-ch 10th"]
[Site "Duisburg Rheinhausen"]
[Date "2006.02.03"]
[Round "3.23"]
[White "Imbierowicz, Dirk"]
[Black "Roeder, Christian"]
[Result "1/2-1/2"]
[WhiteElo "1427"]
[BlackElo "1245"]
[PlyCount "89"]
[EventDate "2006.01.06"]
[EventType "swiss"]
[EventRounds "7"]
[EventCountry "GER"]
[SourceTitle "EXT 2007"]
[Source "ChessBase"]
[SourceDate "2006.11.23"]
[SourceVersion "1"]
[SourceVersionDate "2006.11.23"]
[SourceQuality "1"]

1. e4 d5 2. exd5 Nf6 3. Nc3 Nxd5 4. Qf3 Nxc3 5. Qxc3 Nc6 6. Nf3 e6 7. a3 Be7 8. Bb5 Bd7 9. Qxg7 Bf6 10. Qg4 e5 11. Qe4 Qe7 12. b4 0-0-0 13. 0-0 a6 14. Bc4 Na7 15. d4 exd4 16. Qxe7 Bxe7 17. Bxf7 Bc6 18. Be6+ Kb8 19. Bb2 Bxf3 20. gxf3 Nc6 21. Rad1 Rd6 22. Rfe1 Rf8 23. Rd3 Bf6 24. f4 Nd8 25. Bb3 Bh8 26. Re4 Nc6 27. Kg2 b5 28. Bc1 Rg6+ 29. Rg3 Rgf6 30. Bd2 h5 31. Rh3 Rg6+ 32. Rg3 Rgf6 33. Rg5 Rh6 34. Re6 Rxe6 35. Bxe6 h4 36. Kh3 Bf6 37. Rg8 Rxg8 38. Bxg8 Ne7 39. Be6 Kb7 40. f3 c6 41. Be1 Ng6 42. f5 Nf4+ 43. Kg4 Ng2 44. Bd2 Ne3+ 45. Kf4 1/2-1/2